000 00601nam a2200193Ia 4500
003 OSt
005 20201116111033.0
008 190216s9999||||xx |||||||||||||| ||und||
020 _a8178670712
040 _coclc
082 _a530.15
_bARF/M
100 _aArfken, George B
_94319
245 0 _aMathematical Methods For Physicists /
_cGeorge B Arfken ; Hans J Weber
250 _a5th Ed.
260 _bHarcourt Brace Jovanovich College Publishing,
_c2001.
_aNew Delhi:
300 _a1112p
650 _aMathematical Physics
942 _cBK
_2ddc
_h530.15
_iARF/M
_k530.15
_mARF/M
999 _c33561
_d33561